000 00302nam a2200133Ia 4500
100 _aBeynon/ R.E.
942 _cRB
654 _aRoll design
245 _aRoll design & mill layout
260 _bAssociation of iron & steel
_aPittsburgh
_c1981
082 _a621.8
300 _a178
546 _aENGLISH
999 _c31945
_d31945